Curso de administración moderna (Registro nro. 2279)

Detalles MARC
000 -LEADER
fixed length control field 02056 a2200241 4500
001 - CONTROL NUMBER
control field 32455
005 - DATE AND TIME OF LATEST TRANSACTION
control field 20260407155623.0
008 - FIXED-LENGTH DATA ELEMENTS--GENERAL INFORMATION
fixed length control field 260407a1976 arg spa d
003 - CONTROL NUMBER IDENTIFIER
control field AR-UNSa-BCEJYS
040 ## - CATALOGING SOURCE
Original cataloging agency AR-UNSa-BCEJYS
Language of cataloging spa
Transcribing agency AR-UNSa-BCEJYS
080 ## - UNIVERSAL DECIMAL CLASSIFICATION NUMBER
Universal Decimal Classification number 658
Common auxiliary subdivision Administración de empresas. Organización comercial
100 1# - MAIN ENTRY--PERSONAL NAME
Personal name Koontz, Harold
245 10 - TITLE STATEMENT
Title Curso de administración moderna
Name of part/section of a work un análisis de sistemas y contingencias de las funciones administrativas
250 ## - EDITION STATEMENT
Edition statement 6a. ed
264 #1 - PRODUCTION, PUBLICATION, DISTRIBUTION, MANUFACTURE, AND COPYRIGHT NOTICE
Place of production, publication, distribution, manufacture Panamá :
Name of producer, publisher, distributor, manufacturer Libros McGraw-Hill
Date of production, publication, distribution, manufacture, or copyright notice 1976
300 ## - PHYSICAL DESCRIPTION
Extent 914 p.
Dimensions 23 cm.
505 ## - FORMATTED CONTENTS NOTE
Formatted contents note I. Fundamentos de la Ciencia de la administración: 1. La administración, su ciencia y los sistemas administrativos - 2. Surgimiento del pensamiento administrativo - 3. Enfoques del análisis administrativo - 4. Los administradores y su medio ambiente externo - 5. Administración comparada - II. Planeación: 6. Naturaleza y propósito de la planeación - 7. Objetivos - 8. Premisas de la planeación - 9. Toma de decisiones - 10. Estrategias y políticas - 11. Forma de lograr una planeación efectiva - III Organización: 12. Naturaleza y propósito de la organización - 13. Departamentalización básica - 14. Relaciones de autoridad en línea y "staff" - 15. Departamento de servicio - 16. Descentralización de la autoridad - 17. Comités - 18. Forma de lograr una organización efectiva - IV Integración: 19. Naturaleza y propósito de la integración - 20. Selección de administradores - 21. Evaluación de administradores - 22. Desarrollo y entrenamiento de administradores - V Dirección y liderazgo: 23. Naturaleza de la dirección y el liderazgo - 24. Motivación - 25. Liderazgo - 26. Comunicación - VI Control: 27. Sistemas y proceso de control - 28. Técnicas especiales de control - 29. Control de ejecución - 30. Manera de asegurar una administración efectiva
590 ## - LOCAL NOTE (RLIN)
Local note niveau_biblio:m niveau_hierar:0
700 1# - ADDED ENTRY--PERSONAL NAME
Personal name O' Donnell, Cyril
700 1# - ADDED ENTRY--PERSONAL NAME
Personal name Gómez Mont Araiza, Jaime
700 1# - ADDED ENTRY--PERSONAL NAME
Personal name Hernandez y Rodriguez, Sergio
942 ## - ADDED ENTRY ELEMENTS (KOHA)
Koha item type
Existencias
Withdrawn status Lost status Damaged status Not for loan Home library Current library Shelving location Date acquired Total checkouts Full call number Barcode Date last seen Price effective from Koha item type
        Biblioteca Prof. Eusebio Cleto del Rey Biblioteca Prof. Eusebio Cleto del Rey   07/04/2026   658 K75 6ed. L53214 07/04/2026 07/04/2026 Libro